| 000 | 00321nam a2200121Ia 4500 | ||
|---|---|---|---|
| 008 | 230907s9999||||xx |||||||||||||| ||und|| | ||
| 082 |
_a378.198 _bFEL |
||
| 100 |
_aFeldman, Robert S. _989942 |
||
| 245 | 0 | _aP.O.W.E.R. learning and your life : | |
| 300 | _apages cm | ||
| 650 |
_aLife skills guides. _9115617 |
||
| 942 | _cBK | ||
| 999 |
_c598964 _d598964 |
||